Wiedza ogólna o polskim YT - Statystyki

Ogólne statystyki
  • Ten quiz został rozwiązany 1 146 razy
  • Średni wynik to 8 z 15
Statystyki odpowiedzi
Odpowiedź % Poprawnych
Najsłynniejszy Karzeł na polskim yt. Przyjaciel Friza. Mini Majk
92%
Kiedyś nagrywał słynną Minecraftową serię ...... vs Mandzio. Teraz jeden z największych kanałów w polsce. Blowek
88%
Słynny prankster polskiego yt. Rozdawał bezdomnym Yeezy. Marcin Dubiel
79%
Kiedyś uważany za króla polskiego yt. Na początku 2017 miał przegraną dramę z Gargamelem. SA Wardęga
76%
Dostał ogromną falę hejtu za film podczas którego zmuszał się do wymiotowania. Jest tolerancyjny jak może. Karolek
74%
Zasłynął z pranku "3 WOJNA ŚWIATOWA PRANK na moim DZIADKU!" Dominik Łupicki
69%
Miał sprawę w sądzie z Rafalalą. Walczył na każdej edycji FAME MMA. Adrian Polak
55%
2 przyjaciół Polak i Australijczyk. Oboje mieszkają w Australii Jet Crew
55%
Zasłynął ze śmiesznych telefonów w których używał modulatora głosu. Streamer. Medusa
55%
Przyjaciel Gargamela, z którym prowadzi podcast "2 typów podcast". Zasłynął z recenzji zabawek z chińczyka. Generator Frajdy
45%
Nowo założony kanał przez Boxdela i Isamu. Dycha
37%
Kanał założony przez Bladiego, Kubsona, Plagę, Diabeuu i Dobrodzieja Chorsmeni
24%
Kiedyś nagrywał Minecraft. Teraz filmy na swój kanał wrzuca bardzo rzadko. Wybił się 2 razy. Boxdel
21%
Największy polski kanał o astronomii. Astrofaza
19%
Najwięcej wyświetleń na polskim yt. tvnpl
2%
Nie znaleziono quizów pasujących do podanych kryteriów
Rozkład punktacji
Procent ludzi z każdym wynikiem
Percentyl według liczby udzielonych odpowiedzi
Twoja historia wyników
Nie rozwiązałeś tego quizu